Termes poétiques - Statistiques

Statistiques générales
  • Ce quiz a été pris 27 fois
  • Le résultat moyen est 11 sur 18
Réponses sur la Carte
Les réponses sont colorées sur une échelle allant du rouge au vert en fonction du pourcentage des utilisateurs qui les ont devinées à leur premier essai. Vous pouvez retrouver ces pourcentages ci-dessous.
 
Statistiques - réponses
Réponse % Correct
rimes croisées/alternées
91%
rimes embrassées
91%
rimes suivies/plates
86%
tercet
86%
alexandrin
82%
quatrain
82%
sonnet
77%
octosyllabe
73%
distique
64%
quintil
64%
monostique
55%
haïku
50%
hexamètre dactylique
50%
ballade
45%
pentamètre iambique
36%
rondel
14%
limerick
9%
rubaï
9%
Aucun quiz correspondant
Distribution des résultats
% des personnes avec chaque résultat
Percentile par nombre de réponses
Votre historique - résultats
Vous n’avez pas pris ce quiz